2020 Champions League Final Paris SG - Bayern Munich - Statistics

General Stats
  • This quiz has been taken 6,954 times
  • The average score is 21 of 32
Answer Stats
Player % Correct
Kylian Mbappé
96%
Neymar
96%
Manuel Neuer
93%
Robert Lewandowski
91%
Thomas Müller
91%
Joshua Kimmich
89%
Kingsley Coman ¹
89%
Keylor Navas
88%
Serge Gnabry
83%
Leon Goretzka
80%
Marquinhos
80%
Alphonso Davies
79%
Jérôme Boateng
76%
Marco Verratti
74%
Ángel Di María
73%
Presnel Kimpembe
71%
David Alaba
66%
Thiago Silva
66%
Thomas Tuchel
66%
Hansi Flick
64%
Thiago Alcântara
61%
Juan Bernat
58%
Niklas Süle
51%
Eric Maxim Choupo-Moting
41%
Leandro Paredes
41%
Thilo Kehrer
35%
Julian Draxler
31%
Philippe Coutinho
30%
Ander Herrera
27%
Corentin Tolisso
26%
Layvin Kurzawa
26%
Ivan Perišić
25%
No matching quizzes found
Score Distribution
Percent of People with Each Score
Percentile by Number Answered
Your Score History
You have not taken this quiz